Newspaper journalism / (Record no. 19790)
[ view plain ]
| 000 -LEADER | |
|---|---|
| fixed length control field | 01649cam a22003015a 4500 |
| 001 - CONTROL NUMBER | |
| control field | 15611156 |
| 005 - DATE AND TIME OF LATEST TRANSACTION | |
| control field | 20150816113643.0 |
| 008 - FIXED-LENGTH DATA ELEMENTS--GENERAL INFORMATION | |
| fixed length control field | 090204s2010 enka frb 001 0 eng d |
| 020 ## - INTERNATIONAL STANDARD BOOK NUMBER | |
| International Standard Book Number | 9781412931199 |
| 020 ## - INTERNATIONAL STANDARD BOOK NUMBER | |
| International Standard Book Number | 9781412931205 |
| 040 ## - CATALOGING SOURCE | |
| Original cataloging agency | UKM |
| Transcribing agency | UKM |
| Modifying agency | BTCTA |
| -- | YDXCP |
| -- | BWKUK |
| -- | VLB |
| -- | CDX |
| -- | BWX |
| -- | UV0 |
| -- | DEBBG |
| -- | DLC |
| -- | EG-ScBUE |
| Language of cataloging | eng |
| 050 00 - LIBRARY OF CONGRESS CALL NUMBER | |
| Classification number | PN4775 |
| Item number | .C64 2010 |
| 082 04 - DEWEY DECIMAL CLASSIFICATION NUMBER | |
| Classification number | 070.4 |
| Edition number | 22 |
| Item number | COL |
| 100 1# - MAIN ENTRY--PERSONAL NAME | |
| Personal name | Cole, Peter. |
| 9 (RLIN) | 38349 |
| 245 10 - TITLE STATEMENT | |
| Title | Newspaper journalism / |
| Statement of responsibility, etc | Peter Cole and Tony Harcup. |
| 260 ## - PUBLICATION, DISTRIBUTION, ETC. (IMPRINT) | |
| Place of publication, distribution, etc | London : |
| Name of publisher, distributor, etc | SAGE Publications, |
| Date of publication, distribution, etc | 2010. |
| 300 ## - PHYSICAL DESCRIPTION | |
| Extent | vi, 223 p. : |
| Other physical details | tables ; |
| Dimensions | 25 cm. |
| 500 ## - GENERAL NOTE | |
| General note | Index : p. 217-223. |
| 504 ## - BIBLIOGRAPHY, ETC. NOTE | |
| Bibliography, etc | Bibliography : p. 206-216. |
| 505 0# - FORMATTED CONTENTS NOTE | |
| Formatted contents note | Part I: Newspapers past and present. -- 1. The continuing importance of newspaper journalism -- 2. The UK national press today -- Beyond fleet street: newspapers in the regions and nations -- 4. Headlines from newspaper history -- Part II: COntemporary practices and current debates. -- 5. The changing political economy of the press -- 6. From telling stories to providing content: journalism in the digital age -- 7. The press under scrutiny: self regulation and ethics -- 8. Digging deeper: investigative journalism in newspapers -- Part III: Making sense of newspapers. -- 9. Hacks and academy: theorising journalism -- 10. Newspapers at the crossroads -- 11. Read all about it: a critical bibliography of newspaper journalism. |
| 650 #7 - SUBJECT ADDED ENTRY--TOPICAL TERM | |
| Topical term or geographic name as entry element | Journalism. |
| Source of heading or term | BUEsh |
| 9 (RLIN) | 37800 |
| 650 #0 - SUBJECT ADDED ENTRY--TOPICAL TERM | |
| Topical term or geographic name as entry element | Newspapers. |
| Source of heading or term | BUEsh |
| 9 (RLIN) | 7698 |
| 651 ## - SUBJECT ADDED ENTRY--GEOGRAPHIC NAME | |
| Source of heading or term | BUEsh |
| 653 ## - INDEX TERM--UNCONTROLLED | |
| Resource For college | Communication and mass media |
| Arrived date list | June2015 |
| -- | August2015 |
| 655 ## - INDEX TERM--GENRE/FORM | |
| Form subdivision | |
| -- | 34232 |
| 700 1# - ADDED ENTRY--PERSONAL NAME | |
| Personal name | Harcup, Tony. |
| 9 (RLIN) | 37820 |
| 942 ## - ADDED ENTRY ELEMENTS (KOHA) | |
| Source of classification or shelving scheme | Dewey Decimal Classification |
| Withdrawn status | Lost status | Source of classification or shelving scheme | Damaged status | Not for loan | Koha collection | Home library | Current library | Shelving location | Date acquired | Source of acquisition | Cost, normal purchase price | Serial Enumeration / chronology | Total Checkouts | Full call number | Barcode | Date last seen | Cost, replacement price | Koha item type |
|---|---|---|---|---|---|---|---|---|---|---|---|---|---|---|---|---|---|---|
| Dewey Decimal Classification | Alahram | Central Library | Central Library | Lower Floor | 22/06/2015 | 216.00 | 314 | 070.4 COL | 000038719 | 15/07/2025 | 270.00 | Book - Borrowing |